[Event "Mitropa Cup 34th"]
[Site "Mayrhofen"]
[Date "2015.06.17"]
[Round "4.4"]
[White "Kozak, Adam"]
[Black "Schachinger, Mario"]
[Result "0-1"]
[WhiteElo "2340"]
[BlackElo "2416"]
[PlyCount "66"]
[EventDate "2015.06.14"]
[EventType "team"]
[EventRounds "9"]
[EventCountry "AUT"]
[WhiteTeam "Hungary"]
[BlackTeam "Austria"]
[WhiteTeamCountry "HUN"]
[BlackTeamCountry "AUT"]

1. d4 Nf6 2. c4 e6 3. Nf3 d5 4. e3 a6 5. b3 c5 6. Bb2 Nc6 7. Nbd2 cxd4 8. exd4
Be7 9. Bd3 b6 10. O-O Bb7 11. Re1 O-O 12. Rc1 Re8 13. Qe2 Bf8 14. h3 g6 15. Qe3
Bg7 16. Red1 Rc8 17. Ba3 a5 18. Ne5 Nb4 19. Bb1 dxc4 20. bxc4 b5 21. c5 Nfd5
22. Qf3 f6 23. Nd3 Nc6 24. Bb2 f5 25. Ne5 Nxe5 26. dxe5 a4 27. Bd3 Nc3 28. Qxb7
Nxd1 29. Bxb5 Re7 30. Qa6 Nxb2 31. Nf3 Ra8 32. Qd6 Qc7 33. a3 Rd8 0-1

[Event "Mitropa Cup 34th"]
[Site "Mayrhofen"]
[Date "2015.06.17"]
[Round "4.1"]
[White "Borisek, Jure"]
[Black "Michalik, Peter"]
[Result "0-1"]
[WhiteElo "2571"]
[BlackElo "2546"]
[PlyCount "80"]
[EventDate "2015.06.14"]
[EventType "team"]
[EventRounds "9"]
[EventCountry "AUT"]
[WhiteTeam "Slovenia"]
[BlackTeam "Slovakia"]
[WhiteTeamCountry "SLO"]
[BlackTeamCountry "SVK"]

1. e4 e5 2. Nf3 Nc6 3. Bb5 Nf6 4. d3 Bc5 5. c3 O-O 6. O-O Re8 7. Bg5 a6 8. Bc4
h6 9. Bh4 Be7 10. a4 d6 11. Qb3 d5 12. exd5 Na5 13. Qa2 Nxc4 14. Bxf6 Bxf6 15.
Qxc4 c6 16. dxc6 Be6 17. Qe4 Bd5 18. Qe2 e4 19. dxe4 Bxe4 20. cxb7 Bxb7 21. Qd1
Qb6 22. Nbd2 Qxb2 23. Rb1 Bxf3 24. Nxf3 Qxc3 25. Rb6 Qc4 26. Rd6 Rad8 27. a5
Qb5 28. Rxd8 Rxd8 29. Qe1 Re8 30. Qd2 Re2 31. Qc1 Qxa5 32. Qc8+ Kh7 33. Qc4 Qa2
34. Qd3+ Kg8 35. h4 Re8 36. Rc1 Rd8 37. Qe4 Qd5 38. Qa4 Qb5 39. Qe4 a5 40. Rb1
Qd3 0-1

[Event "Mitropa Cup 34th"]
[Site "Mayrhofen"]
[Date "2015.06.17"]
[Round "4.2"]
[White "Jurcik, Marian"]
[Black "Sebenik, Matej"]
[Result "0-1"]
[WhiteElo "2487"]
[BlackElo "2512"]
[PlyCount "72"]
[EventDate "2015.06.14"]
[EventType "team"]
[EventRounds "9"]
[EventCountry "AUT"]
[WhiteTeam "Slovakia"]
[BlackTeam "Slovenia"]
[WhiteTeamCountry "SVK"]
[BlackTeamCountry "SLO"]

1. e4 c5 2. Nf3 d6 3. d4 cxd4 4. Nxd4 Nf6 5. Nc3 g6 6. Be3 Bg7 7. f3 Nc6 8. Qd2
O-O 9. O-O-O d5 10. Qe1 e5 11. Nxc6 bxc6 12. exd5 Nxd5 13. Bc4 Be6 14. Ne4 Qc7
15. Bc5 Rfd8 16. Qh4 h6 17. g4 Rd7 18. g5 h5 19. Qf2 Rad8 20. Bb3 Nf4 21. Bxe6
Nxe6 22. Rxd7 Qxd7 23. Be3 Qd5 24. Kb1 a5 25. Re1 a4 26. c3 Nf4 27. Qc2 Qc4 28.
Nd2 Qd5 29. Ne4 h4 30. c4 Qd7 31. a3 Qh3 32. Bxf4 exf4 33. Qe2 Rb8 34. Nf6+
Bxf6 35. gxf6 Qf5+ 36. Qe4 Re8 0-1

[Event "Mitropa Cup 34th"]
[Site "Mayrhofen"]
[Date "2015.06.17"]
[Round "4.3"]
[White "Markoja, Boris"]
[Black "Repka, Christopher"]
[Result "1/2-1/2"]
[WhiteElo "2372"]
[BlackElo "2414"]
[PlyCount "70"]
[EventDate "2015.06.14"]
[EventType "team"]
[EventRounds "9"]
[EventCountry "AUT"]
[WhiteTeam "Slovenia"]
[BlackTeam "Slovakia"]
[WhiteTeamCountry "SLO"]
[BlackTeamCountry "SVK"]

1. d4 Nf6 2. c4 b6 3. Nc3 Bb7 4. e3 g6 5. Nf3 Bg7 6. Bd3 O-O 7. O-O d6 8. e4
Nbd7 9. Re1 e5 10. d5 a5 11. a3 Nh5 12. Rb1 Bc8 13. b4 axb4 14. axb4 Nf4 15.
Bf1 Nf6 16. c5 N6h5 17. Nb5 f5 18. Nd2 Nf6 19. cxd6 cxd6 20. f3 fxe4 21. Nxe4
Nxe4 22. fxe4 Qh4 23. Bxf4 exf4 24. Nd4 Ra2 25. Nf3 Qf2+ 26. Kh1 Re8 27. Qd3
Bg4 28. Rbc1 Rb2 29. b5 Ra8 30. Re2 Rxe2 31. Qxe2 Qxe2 32. Bxe2 Ra2 33. Bf1 Ra3
34. Ng5 Ra1 35. Rxa1 Bxa1 1/2-1/2

[Event "Mitropa Cup 34th"]
[Site "Mayrhofen"]
[Date "2015.06.17"]
[Round "4.4"]
[White "Druska, Juraj"]
[Black "Spalir, Jernej"]
[Result "1-0"]
[WhiteElo "2433"]
[BlackElo "2361"]
[PlyCount "29"]
[EventDate "2015.06.14"]
[EventType "team"]
[EventRounds "9"]
[EventCountry "AUT"]
[WhiteTeam "Slovakia"]
[BlackTeam "Slovenia"]
[WhiteTeamCountry "SVK"]
[BlackTeamCountry "SLO"]

1. d4 d5 2. c4 c6 3. Nf3 Nf6 4. e3 e6 5. b3 Nbd7 6. Bb2 Bd6 7. Nbd2 O-O 8. Bd3
b6 9. Ne5 Bb7 10. O-O c5 11. cxd5 exd5 12. f4 Ne4 13. Nxe4 dxe4 14. Bc4 cxd4
15. Nxd7 1-0

[Event "Mitropa Cup 34th"]
[Site "Mayrhofen"]
[Date "2015.06.17"]
[Round "4.1"]
[White "Saric, Ante"]
[Black "Bailet, Pierre"]
[Result "1/2-1/2"]
[WhiteElo "2580"]
[BlackElo "2518"]
[PlyCount "89"]
[EventDate "2015.06.14"]
[EventType "team"]
[EventRounds "9"]
[EventCountry "AUT"]
[WhiteTeam "Croatia"]
[BlackTeam "France"]
[WhiteTeamCountry "CRO"]
[BlackTeamCountry "FRA"]

1. Nf3 d5 2. d4 Nf6 3. c4 c6 4. e3 Bf5 5. Nc3 e6 6. Nh4 Bg6 7. Nxg6 hxg6 8. Bd2
Nbd7 9. Rc1 Be7 10. g3 O-O 11. Qb3 Qb6 12. Qxb6 axb6 13. cxd5 exd5 14. a4 Bb4
15. b3 c5 16. f3 Nb8 17. Nb5 Nc6 18. Bxb4 Nxb4 19. Kd2 cxd4 20. Nxd4 Rfc8 21.
Rxc8+ Rxc8 22. Bh3 Rc5 23. Rc1 Ne8 24. Nb5 f5 25. g4 f4 26. exf4 Rxc1 27. Kxc1
Nd3+ 28. Kd2 Nxf4 29. Bf1 Kf7 30. Ke3 g5 31. h4 Kf6 32. Nd4 Nc7 33. hxg5+ Kxg5
34. Nf5 Nce6 35. b4 Kf6 36. Nd6 Ke5 37. Nf7+ Kf6 38. Nd6 Ke5 39. Nxb7 d4+ 40.
Kf2 d3 41. Ke3 Nd5+ 42. Kxd3 Nxb4+ 43. Kc4 Nd5 44. Bd3 Ndc7 45. Be4 1/2-1/2

[Event "Mitropa Cup 34th"]
[Site "Mayrhofen"]
[Date "2015.06.17"]
[Round "4.2"]
[White "Dourerassou, Jonathan"]
[Black "Bosiocic, Marin"]
[Result "1/2-1/2"]
[WhiteElo "2415"]
[BlackElo "2558"]
[PlyCount "109"]
[EventDate "2015.06.14"]
[EventType "team"]
[EventRounds "9"]
[EventCountry "AUT"]
[WhiteTeam "France"]
[BlackTeam "Croatia"]
[WhiteTeamCountry "FRA"]
[BlackTeamCountry "CRO"]

1. e4 c5 2. Nf3 e6 3. d4 cxd4 4. Nxd4 Nc6 5. Nc3 Qc7 6. Be3 a6 7. Bd3 Nf6 8.
O-O h5 9. h3 b5 10. Nxc6 Qxc6 11. a3 Bb7 12. Qe2 Rc8 13. f4 h4 14. Qf2 b4 15.
axb4 Bxb4 16. e5 Bxc3 17. bxc3 Ne4 18. Qf3 Nxc3 19. Qxc6 Rxc6 20. Ra3 Rc8 21.
Bd2 Nb5 22. Rb3 Bd5 23. Rb4 Nc7 24. Rfb1 f5 25. Rd4 Rh6 26. c4 Bc6 27. Be2 Kf8
28. Ba5 Rg6 29. Bf1 Rg3 30. Be1 Re3 31. Bxh4 Ra3 32. Bf2 Ra2 33. g4 fxg4 34.
hxg4 a5 35. Bg2 Bxg2 36. Kxg2 Na6 37. Rxd7 Nc5 38. Rd4 a4 39. f5 a3 40. Kf3 Rb2
41. Rh1 Kg8 42. Rdd1 Rb3+ 43. Be3 a2 44. Ra1 Ra3 45. Rh2 Rca8 46. Raxa2 Rxa2
47. Rxa2 Rxa2 48. Bxc5 Rc2 49. fxe6 Rxc4 50. Bd6 g6 51. Be7 Rc6 52. Bd6 Kg7 53.
Kf4 Rc4+ 54. Kg5 Re4 55. Bc7 1/2-1/2

[Event "Mitropa Cup 34th"]
[Site "Mayrhofen"]
[Date "2015.06.17"]
[Round "4.3"]
[White "Martinovic, Sasa"]
[Black "Barbot, Pierre"]
[Result "0-1"]
[WhiteElo "2542"]
[BlackElo "2463"]
[PlyCount "132"]
[EventDate "2015.06.14"]
[EventType "team"]
[EventRounds "9"]
[EventCountry "AUT"]
[WhiteTeam "Croatia"]
[BlackTeam "France"]
[WhiteTeamCountry "CRO"]
[BlackTeamCountry "FRA"]

1. d4 Nf6 2. c4 e6 3. Nc3 Bb4 4. e3 O-O 5. Nge2 d5 6. a3 Bd6 7. cxd5 exd5 8. g3
Re8 9. Bg2 c6 10. O-O a5 11. f3 c5 12. Nb5 Bf8 13. dxc5 Bxc5 14. Nbd4 Nc6 15.
b3 Qb6 16. g4 h6 17. Rb1 Bd7 18. Kh1 Nxd4 19. Nxd4 Qd6 20. a4 Bb6 21. Rf2 Re7
22. Bf1 Rae8 23. Rg2 Nh7 24. Qd3 Qf6 25. Rbb2 Ng5 26. Rbf2 Bxd4 27. exd4 Re1
28. Bd2 Nh3 29. Bxe1 Rxe1 30. Qd2 Qe7 31. Rg3 Nxf2+ 32. Qxf2 Qe3 33. Kg2 Qxf2+
34. Kxf2 Rd1 35. f4 Rxd4 36. f5 Kf8 37. Bd3 Ke7 38. Ke3 Rb4 39. Bc2 Kf6 40. h3
Bc6 41. Kd2 d4 42. h4 Ke5 43. g5 hxg5 44. hxg5 Be4 45. f6 g6 46. Bxe4 Kxe4 47.
Rh3 Kf5 48. Rh7 Ke6 49. Rh8 Rxb3 50. Re8+ Kf5 51. Re7 Kxg5 52. Rxf7 Rb4 53. Kd3
Kf5 54. Rf8 b6 55. Kd2 Ke6 56. Kd3 Rxa4 57. Rc8 Kxf6 58. Rc6+ Kf5 59. Rxb6 g5
60. Rb8 Kf4 61. Rf8+ Kg3 62. Rf5 g4 63. Ke2 Ra3 64. Rd5 d3+ 65. Ke3 Kg2 66. Rg5
g3 0-1

[Event "Mitropa Cup 34th"]
[Site "Mayrhofen"]
[Date "2015.06.17"]
[Round "4.4"]
[White "Di Nicolantonio, Lucas"]
[Black "Jovanovic, Zoran"]
[Result "1/2-1/2"]
[WhiteElo "2417"]
[BlackElo "2520"]
[PlyCount "104"]
[EventDate "2015.06.14"]
[EventType "team"]
[EventRounds "9"]
[EventCountry "AUT"]
[WhiteTeam "France"]
[BlackTeam "Croatia"]
[WhiteTeamCountry "FRA"]
[BlackTeamCountry "CRO"]

1. e4 d6 2. Nc3 e5 3. Bc4 Nf6 4. f4 exf4 5. Nf3 c6 6. O-O d5 7. exd5 cxd5 8.
Bb5+ Bd7 9. Qe2+ Be7 10. d4 O-O 11. Bxf4 Nc6 12. Rae1 Re8 13. Qf2 Rc8 14. h3 a6
15. Bd3 Nb4 16. Be5 Nxd3 17. cxd3 Be6 18. Ng5 Rc6 19. Nd1 Qd7 20. Qh4 Bf5 21.
Qg3 Bg6 22. h4 Nh5 23. Qf3 f6 24. g4 fxe5 25. gxh5 Rf6 26. Qe2 Rxf1+ 27. Rxf1
Bf5 28. Qxe5 Bxg5 29. Qxf5 Qxf5 30. Rxf5 Re1+ 31. Kg2 Bxh4 32. Nc3 Bf6 33. Rxd5
Re3 34. Rd7 Rxd3 35. Rxb7 Rxd4 36. Rb6 Rd2+ 37. Kf3 Bxc3 38. bxc3 Rxa2 39. c4
Kf7 40. c5 Ra5 41. Kg4 h6 42. Rc6 Ra1 43. Kf5 a5 44. Rc7+ Ke8 45. Rxg7 a4 46.
Ra7 a3 47. Ke6 Kd8 48. Kd6 Kc8 49. Kc6 Kd8 50. Rd7+ Kc8 51. Ra7 Kd8 52. Rd7+
Kc8 1/2-1/2

[Event "Mitropa Cup 34th"]
[Site "Mayrhofen"]
[Date "2015.06.18"]
[Round "5.1"]
[White "Bailet, Pierre"]
[Black "Pelletier, Yannick"]
[Result "1-0"]
[WhiteElo "2518"]
[BlackElo "2563"]
[PlyCount "91"]
[EventDate "2015.06.14"]
[EventType "team"]
[EventRounds "9"]
[EventCountry "AUT"]
[WhiteTeam "France"]
[BlackTeam "Switzerland"]
[WhiteTeamCountry "FRA"]
[BlackTeamCountry "SUI"]

1. e4 e6 2. d4 d5 3. Nc3 Nf6 4. e5 Nfd7 5. f4 c5 6. Nf3 Nc6 7. Be3 cxd4 8. Nxd4
Bc5 9. Qd2 O-O 10. O-O-O a6 11. Nb3 Bb4 12. a3 Be7 13. Ne2 f6 14. Ned4 Nxd4 15.
Nxd4 Nc5 16. exf6 Bxf6 17. g3 Bd7 18. Kb1 Rc8 19. Bg2 Qe8 20. Rhe1 Kh8 21. Bg1
Qg6 22. Re2 Rc7 23. Rde1 Rfc8 24. Ka2 h6 25. Qb4 Bxd4 26. Bxd4 Bb5 27. Rd2 Ne4
28. Bxe4 dxe4 29. Bc3 Bc4+ 30. Kb1 Bd5 31. Re3 Qf7 32. b3 Rd7 33. Kb2 Rcd8 34.
Be5 Bc6 35. Rxd7 Qxd7 36. g4 Kh7 37. g5 Qd2 38. Qe7 Qd7 39. Qc5 Qd5 40. Qb6 Rd7
41. gxh6 g5 42. Rg3 gxf4 43. Bxf4 Qf5 44. Qg1 Qf6+ 45. Ka2 Bb5 46. Rg8 1-0

[Event "Mitropa Cup 34th"]
[Site "Mayrhofen"]
[Date "2015.06.18"]
[Round "5.2"]
[White "Gallagher, Joseph G"]
[Black "Dourerassou, Jonathan"]
[Result "1/2-1/2"]
[WhiteElo "2476"]
[BlackElo "2415"]
[PlyCount "112"]
[EventDate "2015.06.14"]
[EventType "team"]
[EventRounds "9"]
[EventCountry "AUT"]
[WhiteTeam "Switzerland"]
[BlackTeam "France"]
[WhiteTeamCountry "SUI"]
[BlackTeamCountry "FRA"]

1. e4 c5 2. Nf3 Nc6 3. d4 cxd4 4. Nxd4 e5 5. Nb5 d6 6. c4 Be7 7. Bd3 Be6 8.
N1c3 a6 9. Na3 Rc8 10. O-O Nf6 11. Be3 O-O 12. Rc1 Nd7 13. Qd2 h6 14. Rfd1 Bg5
15. Bxg5 Qxg5 16. Qxg5 hxg5 17. Bf1 Nd4 18. Ne2 Nxe2+ 19. Bxe2 Rc6 20. h3 Nf6
21. f3 Rfc8 22. Kf2 Kf8 23. Rd2 Ke7 24. Rcd1 g6 25. b3 Nd7 26. Nc2 f5 27. Ne3
Rf8 28. Bd3 Nc5 29. exf5 gxf5 30. Bc2 f4 31. Nd5+ Bxd5 32. Rxd5 b5 33. b4 Ne6
34. c5 dxc5 35. bxc5 Rxc5 36. Rd7+ Kf6 37. Be4 Rcc8 38. R1d6 Rfd8 39. Rxd8 Rxd8
40. Rxa6 Ke7 41. Ra5 Rd2+ 42. Ke1 Rb2 43. Ra7+ Kd6 44. Ra6+ Ke7 45. Ra7+ Kd8
46. Ra8+ Kc7 47. Ra7+ Kb6 48. Re7 Nc5 49. Rxe5 Rxg2 50. Bg6 b4 51. Kf1 Rxa2 52.
Rxg5 b3 53. h4 Rh2 54. h5 b2 55. Kg1 Rh4 56. Rg2 b1=Q+ 1/2-1/2

[Event "Mitropa Cup 34th"]
[Site "Mayrhofen"]
[Date "2015.06.18"]
[Round "5.3"]
[White "Barbot, Pierre"]
[Black "Sermier, Guillaume"]
[Result "1/2-1/2"]
[WhiteElo "2463"]
[BlackElo "2414"]
[PlyCount "77"]
[EventDate "2015.06.14"]
[EventType "team"]
[EventRounds "9"]
[EventCountry "AUT"]
[WhiteTeam "France"]
[BlackTeam "Switzerland"]
[WhiteTeamCountry "FRA"]
[BlackTeamCountry "SUI"]

1. d4 Nf6 2. c4 e6 3. Nf3 Bb4+ 4. Nbd2 b6 5. a3 Bxd2+ 6. Qxd2 Bb7 7. e3 O-O 8.
Be2 d6 9. O-O Nbd7 10. b3 Ne4 11. Qc2 f5 12. Bb2 Qe7 13. Rad1 a5 14. d5 e5 15.
Ne1 g6 16. f3 Nef6 17. e4 f4 18. Nd3 g5 19. b4 axb4 20. axb4 Rfb8 21. Ra1 Nf8
22. c5 bxc5 23. bxc5 Bc8 24. Bc3 Ng6 25. Nb4 Bd7 26. cxd6 cxd6 27. Rxa8 Rxa8
28. Ra1 Rxa1+ 29. Bxa1 Qd8 30. Bc3 Qb6+ 31. Kh1 g4 32. Be1 gxf3 33. gxf3 Kf7
34. Qc3 h6 35. Nc2 Ne8 36. Kg2 h5 37. Bf2 Bh3+ 38. Kg1 Qd8 39. Ne1 1/2-1/2

[Event "Mitropa Cup 34th"]
[Site "Mayrhofen"]
[Date "2015.06.18"]
[Round "5.4"]
[White "Patuzzo, Fabrizio"]
[Black "Di Nicolantonio, Lucas"]
[Result "1-0"]
[WhiteElo "2282"]
[BlackElo "2417"]
[PlyCount "147"]
[EventDate "2015.06.14"]
[EventType "team"]
[EventRounds "9"]
[EventCountry "AUT"]
[WhiteTeam "Switzerland"]
[BlackTeam "France"]
[WhiteTeamCountry "SUI"]
[BlackTeamCountry "FRA"]

1. c4 d6 2. Nf3 e5 3. Nc3 f5 4. g3 Nf6 5. Bg2 Be7 6. d3 O-O 7. c5 Nc6 8. cxd6
cxd6 9. b4 Qe8 10. Qb3+ Kh8 11. Bb2 e4 12. Nd2 d5 13. b5 Nd4 14. Qa4 Bb4 15.
dxe4 fxe4 16. Nxd5 Nf3+ 17. Bxf3 Nxd5 18. Bg2 e3 19. O-O Bxd2 20. Bxd5 Bh3 21.
f3 Qd7 22. Qb3 Rad8 23. Be4 Bxf1 24. Rxf1 Rde8 25. Kg2 a6 26. a4 Re6 27. Bb1
Rh6 28. h4 Qf7 29. Qd3 Re8 30. Qd4 Rh5 31. Bd3 axb5 32. axb5 Ba5 33. Rc1 Rd5
34. Qc4 Qd7 35. Rd1 Bd2 36. Bc2 Qxb5 37. Qxb5 Rxb5 38. Ba4 Rxb2 39. Bxe8 Kg8
40. f4 Kf8 41. Bd7 Ke7 42. Bf5 h6 43. Kf3 Rb5 44. Bd3 Rb3 45. g4 Kd6 46. g5
hxg5 47. fxg5 Rb4 48. Rh1 Ke5 49. h5 Rf4+ 50. Kg3 Rf8 51. Rb1 Rf7 52. Bg6 Rc7
53. Rb5+ Ke6 54. Be4 Be1+ 55. Kf4 Rf7+ 56. Bf5+ Kd6 57. Kxe3 Kc6 58. Re5 Kd6
59. Re6+ Kd7 60. Kf4 Re7 61. Re4+ Kd6 62. Rd4+ Kc5 63. e3 b5 64. h6 gxh6 65.
gxh6 Bc3 66. Rd8 Be5+ 67. Kg5 Bb2 68. e4 b4 69. h7 b3 70. h8=Q Bxh8 71. Rxh8
Kd4 72. Kf6 Rb7 73. e5 b2 74. e6 1-0

[Event "Mitropa Cup 34th"]
[Site "Mayrhofen"]
[Date "2015.06.18"]
[Round "5.1"]
[White "Michalik, Peter"]
[Black "Babula, Vlastimil"]
[Result "1-0"]
[WhiteElo "2546"]
[BlackElo "2552"]
[PlyCount "87"]
[EventDate "2015.06.14"]
[EventType "team"]
[EventRounds "9"]
[EventCountry "AUT"]
[WhiteTeam "Slovakia"]
[BlackTeam "Czech Republic"]
[WhiteTeamCountry "SVK"]
[BlackTeamCountry "CZE"]

1. d4 Nf6 2. c4 e6 3. g3 Bb4+ 4. Bd2 Qe7 5. Nf3 Bxd2+ 6. Qxd2 Nc6 7. Nc3 d5 8.
Ne5 dxc4 9. Bg2 Nxe5 10. dxe5 Nd7 11. Qd4 Nb6 12. O-O O-O 13. Rfd1 Rb8 14. Rd2
Bd7 15. Rad1 Qe8 16. Qh4 f5 17. exf6 gxf6 18. Qf4 e5 19. Qe3 Bc6 20. Nd5 Rf7
21. Qc5 Qf8 22. Qa5 Re8 23. Ne3 Bxg2 24. Nxg2 Nc8 25. Rd7 Nb6 26. Rxf7 Kxf7 27.
Qxa7 Rd8 28. Rxd8 Qxd8 29. Ne3 Qc8 30. a4 f5 31. a5 f4 32. Ng2 Na4 33. gxf4 Qf5
34. h4 c3 35. bxc3 Nxc3 36. Qe3 Qc2 37. fxe5 Nxe2+ 38. Kh2 Qd1 39. Qf3+ Ke8 40.
Ne3 Qg1+ 41. Kh3 Qe1 42. Qxb7 Qxf2 43. Qc8+ Kf7 44. e6+ 1-0

[Event "Mitropa Cup 34th"]
[Site "Mayrhofen"]
[Date "2015.06.18"]
[Round "5.2"]
[White "Kriebel, Tadeas"]
[Black "Jurcik, Marian"]
[Result "0-1"]
[WhiteElo "2459"]
[BlackElo "2487"]
[PlyCount "118"]
[EventDate "2015.06.14"]
[EventType "team"]
[EventRounds "9"]
[EventCountry "AUT"]
[WhiteTeam "Czech Republic"]
[BlackTeam "Slovakia"]
[WhiteTeamCountry "CZE"]
[BlackTeamCountry "SVK"]

1. d4 Nf6 2. c4 g6 3. Nc3 Bg7 4. e4 d6 5. Nf3 O-O 6. Be2 Nbd7 7. O-O e5 8. d5
Nc5 9. Qc2 a5 10. Bg5 h6 11. Be3 b6 12. Nd2 Bg4 13. Qd1 Qc8 14. a3 Bxe2 15.
Qxe2 a4 16. Bxc5 bxc5 17. Qd1 Qd7 18. Nb5 Nh7 19. Nb1 f5 20. N1c3 Nf6 21. f3 h5
22. Qc2 Bh6 23. Rae1 Kg7 24. exf5 gxf5 25. f4 e4 26. Re3 Kh7 27. Rh3 Rg8 28.
Nd1 Rg6 29. Qe2 Rag8 30. g3 Bg7 31. Ne3 Rh6 32. Rh4 Ng4 33. Nxg4 hxg4 34. Rxh6+
Kxh6 35. Kg2 Kg6 36. Rh1 Rh8 37. h3 gxh3+ 38. Rxh3 Rxh3 39. Kxh3 Bf6 40. g4
Qh7+ 41. Kg2 Qh4 42. gxf5+ Kxf5 43. Nxc7 Qxf4 44. Nb5 Be5 45. Qh5+ Qg5+ 46.
Qxg5+ Kxg5 47. Kf2 Kf4 48. Ke2 e3 49. Na7 Bxb2 50. Nc8 Bxa3 51. Nb6 Bb2 52.
Nxa4 Be5 53. Nb6 Ke4 54. Nd7 Bg7 55. Nb6 Kd4 56. Nc8 Bf8 57. Nb6 Bh6 58. Nc8
Bf4 59. Nb6 Ke5 0-1

[Event "Mitropa Cup 34th"]
[Site "Mayrhofen"]
[Date "2015.06.18"]
[Round "5.3"]
[White "Repka, Christopher"]
[Black "Kociscak, Jiri"]
[Result "1-0"]
[WhiteElo "2414"]
[BlackElo "2474"]
[PlyCount "49"]
[EventDate "2015.06.14"]
[EventType "team"]
[EventRounds "9"]
[EventCountry "AUT"]
[WhiteTeam "Slovakia"]
[BlackTeam "Czech Republic"]
[WhiteTeamCountry "SVK"]
[BlackTeamCountry "CZE"]

1. d4 d5 2. c4 c6 3. Nf3 e6 4. Nc3 f5 5. Bf4 Nf6 6. e3 Bd6 7. Ne5 O-O 8. Bd3
Qe7 9. c5 Bc7 10. O-O b6 11. b4 Ne4 12. Nxe4 fxe4 13. Be2 a5 14. cxb6 Bxb6 15.
bxa5 Bxa5 16. Rb1 Bb7 17. f3 Ra7 18. fxe4 c5 19. exd5 Bxd5 20. Bd3 g5 21. Qg4
Qg7 22. Bxg5 Rxf1+ 23. Rxf1 Nd7 24. Nxd7 Rxd7 25. Bh6 1-0

[Event "Mitropa Cup 34th"]
[Site "Mayrhofen"]
[Date "2015.06.18"]
[Round "5.4"]
[White "Rojicek, Vojtech"]
[Black "Druska, Juraj"]
[Result "1/2-1/2"]
[WhiteElo "2414"]
[BlackElo "2433"]
[PlyCount "90"]
[EventDate "2015.06.14"]
[EventType "team"]
[EventRounds "9"]
[EventCountry "AUT"]
[WhiteTeam "Czech Republic"]
[BlackTeam "Slovakia"]
[WhiteTeamCountry "CZE"]
[BlackTeamCountry "SVK"]

1. Nf3 c5 2. c4 g6 3. Nc3 Bg7 4. d4 Nf6 5. d5 O-O 6. e4 d6 7. h3 e5 8. Be3 Kh8
9. Nd2 Ng8 10. g4 f5 11. exf5 gxf5 12. gxf5 Bxf5 13. Nde4 Nf6 14. Bd3 Nxe4 15.
Bxe4 Bxe4 16. Nxe4 Nd7 17. Qc2 Nf6 18. Ng5 Qd7 19. Ne6 Rf7 20. O-O-O b5 21.
cxb5 Qxb5 22. Rhg1 Rg8 23. Kb1 c4 24. a4 Qa6 25. Bd2 Qb6 26. Bc3 Qb3 27. Qe2
Rb8 28. Rxg7 Ne4 29. Rc1 Qxc3 30. Rxc3 Nxc3+ 31. Kc2 Nxe2 32. Rxf7 Nd4+ 33.
Nxd4 exd4 34. Rf4 d3+ 35. Kc3 Rb3+ 36. Kxc4 d2 37. Rd4 Rxb2 38. f4 a5 39. Kc3
Rb4 40. Rxd2 Rxa4 41. Re2 Rxf4 42. Re6 Rf3+ 43. Kc4 Rxh3 44. Rxd6 Kg7 45. Re6
Kf7 1/2-1/2

[Event "Mitropa Cup 34th"]
[Site "Mayrhofen"]
[Date "2015.06.18"]
[Round "5.1"]
[White "Gledura, Benjamin"]
[Black "Borisek, Jure"]
[Result "1/2-1/2"]
[WhiteElo "2486"]
[BlackElo "2571"]
[PlyCount "86"]
[EventDate "2015.06.14"]
[EventType "team"]
[EventRounds "9"]
[EventCountry "AUT"]
[WhiteTeam "Hungary"]
[BlackTeam "Slovenia"]
[WhiteTeamCountry "HUN"]
[BlackTeamCountry "SLO"]

1. e4 e5 2. Nf3 Nc6 3. Nc3 Nf6 4. d4 exd4 5. Nxd4 Bb4 6. Nxc6 bxc6 7. Bd3 O-O
8. O-O d5 9. exd5 cxd5 10. Bg5 c6 11. Qf3 Rb8 12. Bxf6 Qxf6 13. Qxf6 gxf6 14.
Ne2 Bd6 15. b3 c5 16. Rad1 Bg4 17. c4 d4 18. h3 Bxe2 19. Bxe2 Bc7 20. Bd3 Ba5
21. g3 Rfe8 22. Kg2 Rb6 23. Kf3 Bc3 24. Rc1 Ra6 25. Bb1 Bb4 26. a4 Rb6 27. Bc2
h6 28. Rcd1 Kf8 29. h4 Bc3 30. g4 Re5 31. Rb1 Ke7 32. Bd3 Kd8 33. Rfc1 Rbe6 34.
Rc2 Kc7 35. a5 Ra6 36. Ra2 Rxa5 37. Rxa5 Bxa5 38. Ra1 Kb6 39. Be4 Bc3 40. Ra2
a5 41. Re2 Kc7 42. Bf5 Kd6 43. Rxe5 Kxe5 1/2-1/2

[Event "Mitropa Cup 34th"]
[Site "Mayrhofen"]
[Date "2015.06.18"]
[Round "5.2"]
[White "Sebenik, Matej"]
[Black "Kantor, Gergely"]
[Result "1-0"]
[WhiteElo "2512"]
[BlackElo "2416"]
[PlyCount "75"]
[EventDate "2015.06.14"]
[EventType "team"]
[EventRounds "9"]
[EventCountry "AUT"]
[WhiteTeam "Slovenia"]
[BlackTeam "Hungary"]
[WhiteTeamCountry "SLO"]
[BlackTeamCountry "HUN"]

1. Nf3 d5 2. g3 c6 3. Bg2 Bg4 4. O-O Nf6 5. d3 Nbd7 6. h3 Bh5 7. Qe1 e5 8. e4
dxe4 9. dxe4 Bc5 10. a4 O-O 11. Na3 Re8 12. Nh4 Qc7 13. Nc4 a5 14. Bd2 b6 15.
Kh1 Rad8 16. b3 Bf8 17. Bc3 Re6 18. f3 Rde8 19. Rd1 Nc5 20. Rf2 Nfd7 21. Rfd2
f6 22. Nf5 Nb8 23. Ncd6 Bxd6 24. Nxd6 Rf8 25. Qe3 Nba6 26. Bf1 Kh8 27. Bc4 Bg6
28. Bxe6 Nxe6 29. Bb2 Nac5 30. Nf5 Bh5 31. Ba3 Qf7 32. Bxc5 Nxc5 33. Rd8 Qg8
34. Rxf8 Qxf8 35. Rd6 g6 36. Qh6 Bxf3+ 37. Kh2 Qxh6 38. Rd8+ 1-0

[Event "Mitropa Cup 34th"]
[Site "Mayrhofen"]
[Date "2015.06.18"]
[Round "5.3"]
[White "Korpa, Bence"]
[Black "Markoja, Boris"]
[Result "1/2-1/2"]
[WhiteElo "2432"]
[BlackElo "2372"]
[PlyCount "60"]
[EventDate "2015.06.14"]
[EventType "team"]
[EventRounds "9"]
[EventCountry "AUT"]
[WhiteTeam "Hungary"]
[BlackTeam "Slovenia"]
[WhiteTeamCountry "HUN"]
[BlackTeamCountry "SLO"]

1. c4 g6 2. g3 Bg7 3. Bg2 e5 4. Nc3 d6 5. d3 f5 6. e4 Nf6 7. Nge2 O-O 8. O-O c6
9. h3 Na6 10. exf5 Bxf5 11. d4 Qc8 12. g4 Be6 13. d5 cxd5 14. Nxd5 Nxd5 15.
Bxd5 Nb4 16. Nc3 Bxd5 17. cxd5 Qc4 18. Qb3 b5 19. Qxc4 bxc4 20. Rb1 Rf3 21. Be3
e4 22. Nxe4 Nxd5 23. Nxd6 Nxe3 24. fxe3 Rxe3 25. Nxc4 Rxh3 26. Kg2 Rd3 27. Rbd1
Rad8 28. Rxd3 Rxd3 29. b3 h5 30. gxh5 gxh5 1/2-1/2

[Event "Mitropa Cup 34th"]
[Site "Mayrhofen"]
[Date "2015.06.18"]
[Round "5.4"]
[White "Spalir, Jernej"]
[Black "Kozak, Adam"]
[Result "0-1"]
[WhiteElo "2361"]
[BlackElo "2340"]
[PlyCount "106"]
[EventDate "2015.06.14"]
[EventType "team"]
[EventRounds "9"]
[EventCountry "AUT"]
[WhiteTeam "Slovenia"]
[BlackTeam "Hungary"]
[WhiteTeamCountry "SLO"]
[BlackTeamCountry "HUN"]

1. d4 d5 2. Nf3 Nf6 3. c4 c6 4. Nc3 e6 5. e3 Nbd7 6. Qc2 Bd6 7. g4 h6 8. Rg1 e5
9. cxd5 cxd5 10. Nb5 Bb8 11. g5 hxg5 12. Nxg5 e4 13. Bd2 Nb6 14. Rc1 Bf5 15.
Nc7+ Bxc7 16. Qxc7 Qxc7 17. Rxc7 Nfd7 18. Rg3 Rb8 19. Nh3 Kd8 20. Rc1 f6 21. f4
g6 22. b3 Ke7 23. Bb4+ Kf7 24. Rc2 Rbc8 25. Rxc8 Nxc8 26. Nf2 Rxh2 27. Rg2 Rxg2
28. Bxg2 g5 29. fxg5 fxg5 30. Nd1 Nf6 31. Nc3 Bd7 32. a4 Ne7 33. Bc5 b6 34. Ba3
Nf5 35. Ke2 g4 36. Bc1 g3 37. Kf1 Be6 38. Nb5 Ng4 39. Nxa7 Ngxe3+ 40. Kg1 Nc2
41. Nc6 Bd7 42. Ne5+ Ke6 43. Nxd7 Kxd7 44. Bh3 Ncxd4 45. Bb2 Kc6 46. b4 e3 47.
Kg2 e2 48. Bc3 Kd6 49. Bg4 Ne3+ 50. Kxg3 Nxg4 51. Kxg4 Nc2 52. a5 b5 53. a6 Kc6
0-1